<?xml version="1.0" encoding="UTF-8"?>
<record
    xmlns:xsi="http://www.w3.org/2001/XMLSchema-instance"
    xsi:schemaLocation="http://www.loc.gov/MARC21/slim http://www.loc.gov/standards/marcxml/schema/MARC21slim.xsd"
    xmlns="http://www.loc.gov/MARC21/slim">

  <leader>00827nam a2200241 a 4500</leader>
  <controlfield tag="001">BRCA_8167</controlfield>
  <controlfield tag="005">20190320210147.0</controlfield>
  <controlfield tag="008">070514s1960----fr-a###f##---#001-0#fre-#</controlfield>
  <datafield tag="041" ind1=" " ind2=" ">
    <subfield code="a">fre</subfield>
  </datafield>
  <datafield tag="044" ind1=" " ind2=" ">
    <subfield code="a">fr</subfield>
  </datafield>
  <datafield tag="050" ind1=" " ind2="4">
    <subfield code="a">N8650</subfield>
    <subfield code="b">.S46</subfield>
    <subfield code="c">1960</subfield>
  </datafield>
  <datafield tag="245" ind1="1" ind2="0">
    <subfield code="a">Une semaine de Paris</subfield>
    <subfield code="b">le guide-programme des spectacles: mus&#xE9;es, cin&#xE9;ma, thr&#xE9;&#xE2;tre et &#xF3;pera</subfield>
    <subfield code="c">Director de la publication Ren&#xE9; Rothenbourger.</subfield>
  </datafield>
  <datafield tag="260" ind1=" " ind2=" ">
    <subfield code="a">Paris</subfield>
    <subfield code="b">Logier &amp; co.</subfield>
    <subfield code="c">1960</subfield>
  </datafield>
  <datafield tag="300" ind1=" " ind2=" ">
    <subfield code="a">67 p.</subfield>
    <subfield code="b">il.</subfield>
    <subfield code="c">23 cm.</subfield>
  </datafield>
  <datafield tag="440" ind1=" " ind2="0">
    <subfield code="a">Una semaine de Paris</subfield>
    <subfield code="n">714</subfield>
    <subfield code="9">20356</subfield>
  </datafield>
  <datafield tag="500" ind1=" " ind2=" ">
    <subfield code="a">X69</subfield>
  </datafield>
  <datafield tag="500" ind1=" " ind2=" ">
    <subfield code="a">Publicaci&#xF3;n peri&#xF3;dica (gu&#xED;a cultural) inventariada como libro por el Banco de M&#xE9;xico</subfield>
  </datafield>
  <datafield tag="651" ind1=" " ind2="4">
    <subfield code="a">Paris</subfield>
    <subfield code="v">Gu&#xED;as de espect&#xE1;culos</subfield>
    <subfield code="9">20357</subfield>
  </datafield>
  <datafield tag="651" ind1=" " ind2="4">
    <subfield code="a">Paris</subfield>
    <subfield code="v">Cultura</subfield>
    <subfield code="9">20358</subfield>
  </datafield>
  <datafield tag="700" ind1="1" ind2=" ">
    <subfield code="a">Rothenbourger, Ren&#xE9;</subfield>
    <subfield code="e">dir.</subfield>
    <subfield code="9">20359</subfield>
  </datafield>
  <datafield tag="902" ind1=" " ind2=" ">
    <subfield code="a">GFM</subfield>
  </datafield>
  <datafield tag="942" ind1=" " ind2=" ">
    <subfield code="2">lcc</subfield>
    <subfield code="c">B</subfield>
  </datafield>
  <datafield tag="999" ind1=" " ind2=" ">
    <subfield code="c">7835</subfield>
    <subfield code="d">7835</subfield>
  </datafield>
  <datafield tag="952" ind1=" " ind2=" ">
    <subfield code="0">0</subfield>
    <subfield code="1">0</subfield>
    <subfield code="4">0</subfield>
    <subfield code="7">0</subfield>
    <subfield code="a">BRCA</subfield>
    <subfield code="b">BRCA</subfield>
    <subfield code="d">2014-05-07</subfield>
    <subfield code="i">X69</subfield>
    <subfield code="l">0</subfield>
    <subfield code="o">N8650 .S46 1960 (X69)</subfield>
    <subfield code="p">8791</subfield>
    <subfield code="r">2019-03-22 00:00:00</subfield>
    <subfield code="w">2019-03-22</subfield>
    <subfield code="y">B</subfield>
  </datafield>
</record>
